00211nam a2200085Ia 4500008004100000082001600041100002000057245002000077260002800097230207s9999 xx 000 0 und d a005.133/Mul aMullish Cooper aThe Spirit of C bJaico Publication House